1266 1799 1488 1243 1595 1485 1175 1160 1990 1099 1182 1363 1512 1928 1564 1694 1913 1757 1870 1373 1484 1585 1247 1329 1694 1365 1615 1918 1899 1610 1568 1293 1797 1880 1050 1129 1111 1194 1460 1595 1952 1029 1690 1693 1793 1051 1607 1840 1395 1068 1974 1979 1913 1444 1696 1526 2000 1214 1502 1278 1210 1656 1674 1220 1216 1514 1488 1275 1666 1774 1758 1009 1855 1447 1132 1652 1054 1159 1804 1798 1669 1209 1804 1558 1202 1832 1631 1718 1066 1843 1890 1540 1803 1672 1079 1626 1781 1906 1318 BCNSPRNW ULIB Ver.6.0+V

เปลี่ยนเป็นภาษาไทย

Change to English
 แสดงรายละเอียดบรรณานุกรม
  กลับหน้าหลัก

Brief Record : Get Marc (ISO 2709) : E-mail record : QR code < ปิดหน้าต่าง
LEADER : 00000nam 2200000uu 4500
001    13399115147
003     ULIB
008    120713s2550||||th 000 0 tha d
020    ^a9789749601389
050  4 ^aHQ772^bช225ค
100 0  ^aชาฟเฟ, ลอรา
245 00 ^aคู่มือ Kid ดี เรียนรู้เพื่ออยู่ร่วมกันในสังคม/^cชาฟเฟ, ลอรา,เขียน;^cภัทรมน พัวไพโรจน์,แปล
246 0  เรียนรู้เพื่ออยู่ร่วมกันในสังคม
260    ^aกรุงเทพฯ:^bนานมีบุ๊คส์พับลิเคชั่นส์;^c2550.
300    ^a208 หน้า:^bภาพประกอบ;^c14 ซม.
650  0 ^aเด็ก--การดำเนินชีวิต
700    ^a ภัทรมน พัวไพโรจน์,แปล
945    ^p195^l0^i19140
995    ^aเกษร
999 ^a ใช้งานได้ทุกระบบ
รายการนี้ยังไม่มีแท็ก
คุณยังไม่ได้ล็อกอิน คุณสามารถมีกิจกรรมร่วมกับเว็บไซต์ได้ แต่ต้องล็อกอินก่อน ::
  ล็อกอิน

รายการสื่อสารสนเทศ

ลำดับที่ ประเภท เลขเรียก/บาร์โค้ด สถานที่ สถานะ
- ไม่พบข้อมูล -

BibComment


ยังไม่เคยถูกคอมเมนท์

คอมเมนท์ทรัพยากรรายการนี้
  คอมเมนท์: คู่มือ Kid ดี เร..


 Copyright 2026. Bcnsprnw @Library